000 00644nam a2200229 i 4500
001 C2-0224462
003 PPAK
005 20180728152957.0
008 000423s1936 enka|||| ||||| | eng d
040 _aPPAK
_beng
_cPPAK
_erda
082 0 4 _a823
_223
090 0 0 _a823
_bSMI
_dKSA
100 1 _aSmith, Stevie,
_eauthor
245 1 0 _aNovel on yellow paper :
_bor work it out for yourself
264 1 _aEngland :
_bPenguin Books ,
_c1936
300 _a174 pages :
_billustrations ;
_c18 cm
336 _2rdacontent
_atext
337 _2rdamedia
_aunmediated
338 _2rdacarrier
_avolume
650 1 0 _aEnglish fiction
942 _ddc
_cB
999 _c145359
_d145359